000 00357nam a2200157Ia 4500
008 230711s9999||||xx |||||||||||||| ||und||
041 _aENG
082 _a720
_bVA-E
100 _aVon,Meiss P
245 0 _aElements of Architecture
250 _a1st Ed.
260 _c1986
_aNew York
_bE & FN Spon
300 _a211
650 _aArchitecture
942 _cBK
999 _c2837
_d2837